书目信息 |
| 题名: |
建筑边坡工程技术规范 GB 50333-2002
|
|
| 作者: | 重庆市建设委员会 主编 | |
| 分册: | ||
| 出版信息: | 2002.06 |
|
| 页数: | 136页 | |
| 开本: | 20cm | |
| 丛书名: | ||
| 单 册: | ||
| 中图分类: | TU753.8-65 | |
| 科图分类: | ||
| 主题词: | 建筑工程--各种 | |
| 电子资源: | ||
| ISBN: | ||
| 000 | 00613nam0 2200181 45 | |
| 001 | 0440970150 | |
| 005 | 20240227112005.97 | |
| 010 | @dCNY 18.00 | |
| 100 | @a20040427d2002 km y0chiy0120 ea | |
| 101 | 0 | @achi |
| 200 | 1 | @a建筑边坡工程技术规范 GB 50333-2002@Ajian zhu bian po gong cheng ji shu gui fan GB 50333-2002@f重庆市建设委员会主编@FChong Qing Shi Jian She Wei Yuan Hui Zhu Bian |
| 210 | @d2002.06 | |
| 215 | @a136页@d20cm | |
| 606 | 0 | @a建筑工程@x各种 |
| 690 | @aTU753.8-65@v3 | |
| 701 | 0 | @a重庆市建设委员会@AChong Qing Shi Jian She Wei Yuan Hui@4主编 |
| 801 | 0 | @aCN@bPFT@c20040427 |
| 905 | @dTU753.8-65@eC842 | |
| 建筑边坡工程技术规范 GB 50333-2002/重庆市建设委员会主编.-2002.06 |
| 136页;20cm |
| ISBN :CNY 18.00 |
| ● |
| 相关链接 |
|
|
|
正题名:建筑边坡工程技术规范 GB 50333-2002
索取号:TU753.8-65/C842
 
预约/预借
| 序号 | 登录号 | 条形码 | 馆藏地/架位号 | 状态 | 备注 |
| 1 | 392484 | 203924842 | 建筑库201/201建筑库 71排1列3层/ [索取号:TU753.8-65/C842] | 在馆 | |
| 2 | 392485 | 203924851 | 建筑库201/201建筑库 71排1列3层/ [索取号:TU753.8-65/C842] | 在馆 | |
| 3 | 392486 | 203924860 | 土木与交通工程学院资料室/土木与交通学院资料室 1排1列1层/ [索取号:TU753.8-65/C842] | 在馆 |